| 000 | 00942nam0a22002531 4500 | ||
|---|---|---|---|
| 001 | rc\4621826 | ||
| 005 | 20260407030616.0 | ||
| 021 |
_aRU _b[61-88648] |
||
| 035 | _a(NLR Aleph) 008674970 | ||
| 090 |
_a9143335 _c9143335 |
||
| 100 | _a20130416d1961 |||y0rusy50 ca | ||
| 101 | 0 | _arus | |
| 102 | _aRU | ||
| 105 | _ay z ||||| | ||
| 200 | 1 |
_aСборник аннотаций научно-исследовательских работ, выполненных в 1959-1960 гг. _fГлавмосстрой при Мосгорисполкоме. Науч.-исслед. ин-т ["НИИМосстрой"] |
|
| 210 |
_aМосква _cБ. и. _d1961 |
||
| 215 |
_a56 с. _d22 |
||
| 606 |
_aСтроительное дело _jАннотации _2psbo |
||
| 710 | 0 | 2 |
_aНИИ Главмосстроя _9522801 _3RU\NLR\AUTH\8810012493 |
| 801 | 0 |
_aRU _bNLR _gpsbo |
|
| 801 | 1 |
_aRU _bELAR _2rusmarc |
|
| 852 |
_aNLR _j62-6/910 |
||
| 942 | _cBOOK | ||
| 980 | _aNB | ||